Quelques aspects du vertige mondial (Record no. 261173)
[ view plain ]
| 000 -LEADER | |
|---|---|
| fixed length control field | 01317cam a22002413a 4500 |
| 001 - CONTROL NUMBER | |
| control field | 31918 |
| 003 - CONTROL NUMBER IDENTIFIER | |
| control field | PGUSA |
| 005 - DATE AND TIME OF LATEST TRANSACTION | |
| control field | 20140828083706.0 |
| 008 - FIXED-LENGTH DATA ELEMENTS--GENERAL INFORMATION | |
| fixed length control field | 100408s2010||||xxu|||||s|||||000 | eng d |
| 040 ## - CATALOGING SOURCE | |
| Original cataloging agency | PGUSA |
| Language of cataloging | eng |
| 042 ## - AUTHENTICATION CODE | |
| Authentication code | dc |
| 050 #4 - LIBRARY OF CONGRESS CALL NUMBER | |
| Classification number | D501 |
| 100 1# - MAIN ENTRY--PERSONAL NAME | |
| Personal name | Loti, Pierre, |
| Dates associated with a name | 1850-1923 |
| 245 10 - TITLE STATEMENT | |
| Title | Quelques aspects du vertige mondial |
| Medium | [electronic resource] / |
| Statement of responsibility, etc | Pierre Loti |
| 260 ## - PUBLICATION, DISTRIBUTION, ETC. (IMPRINT) | |
| Name of publisher, distributor, etc | Project Gutenberg, |
| Date of publication, distribution, etc | 2010 |
| 505 0# - FORMATTED CONTENTS NOTE | |
| Formatted contents note | Vertige -- Fragments d'un journal intime -- Lormont (Georges) -- Nos matelots -- Mademoiselle Anna, très humble poupée -- Alsace! -- Une furtive silhouette de S. M. la reine Alexandra d'Angleterre -- Femmes françaises pendant la grande guerre -- Un "secteur tranquille" -- Un petit monde que n'ont pas atteint nos vertiges -- L'adieu de Paris au général Gallieni -- Une demi-douzaine de petites constatations -- Le prince assassiné par Eux (Youzouf-Yzeddin) -- La femme turque -- Simple gentillesse entre voisins -- Les patiences souterraines -- New-York entrevu par un oriental très vieux jeu -- Nos amis d'Amérique -- Il pleut sur l'enfer de la Somme. |
| 506 ## - RESTRICTIONS ON ACCESS NOTE | |
| Terms governing access | Public domain in the USA. |
| 516 ## - TYPE OF COMPUTER FILE OR DATA NOTE | |
| Type of computer file or data note | Electronic text |
| 653 ## - INDEX TERM--UNCONTROLLED | |
| Uncontrolled term | World War, 1914-1918 |
| 830 #0 - SERIES ADDED ENTRY--UNIFORM TITLE | |
| Uniform title | Project Gutenberg |
| Volume number/sequential designation | 31918 |
| 856 40 - ELECTRONIC LOCATION AND ACCESS | |
| Uniform Resource Identifier | <a href="http://www.gutenberg.org/ebooks/31918">http://www.gutenberg.org/ebooks/31918</a> |
| 942 ## - ADDED ENTRY ELEMENTS (KOHA) | |
| Koha item type | eBooks |
| Withdrawn status | Lost status | Damaged status | Home library | Current library | Date acquired | Total Checkouts | Date last seen | Price effective from | Koha item type |
|---|---|---|---|---|---|---|---|---|---|
| Project Gutenberg | Project Gutenberg | 08/28/2014 | 08/28/2014 | 08/28/2014 | eBooks |